Roma Settlements and Poverty in Slovakia: Different Policy Approaches of the State, Local Governments, and NGOs

Podľa oficiálnych sčítaní žije na Slovensku približne 90 000 Rómov, pričom skutočný počet odhadujú odborníci na 350 000 až 500 000. Rôzne medzinárodné organizácie a inštitúcie nedávno zaznamenali, že rozšírená diskriminácia Rómov sa vyskytuje v zamestnaní, vzdelávaní, zdravotníckych službách, bývaní...

Celý popis

Uložené v:
Podrobná bibliografia
Hlavný autor: Klimovský, Daniel
Ďalší autori: Želinský, Tomáš, Matlovičová, Kvetoslava, 1971-, Mušinka, Alexander
Médium: Kapitola
Jazyk:English
Predmet:
Tagy: Pridať tag
Žiadne tagy, Buďte prvý, kto otaguje tento záznam!

MARC

LEADER 00000naa a2200000 4500
001 0306780
005 20250204142925.6
041 0 |a eng 
044 |a SI 
245 1 0 |a Roma Settlements and Poverty in Slovakia: Different Policy Approaches of the State, Local Governments, and NGOs  |c Daniel Klimovský, Tomáš Želinský, Kvetoslava Matlovičová, Alexander Mušinka 
520 |a Podľa oficiálnych sčítaní žije na Slovensku približne 90 000 Rómov, pričom skutočný počet odhadujú odborníci na 350 000 až 500 000. Rôzne medzinárodné organizácie a inštitúcie nedávno zaznamenali, že rozšírená diskriminácia Rómov sa vyskytuje v zamestnaní, vzdelávaní, zdravotníckych službách, bývaní a poskytovaní úverov. Mnohým z ich osád chýba formálna infraštruktúra, prístup k pitnej vode a riadne kanalizačné systémy. Chudoba medzi Rómami je veľmi vysoká a štát zlyháva pri realizácii svojej oficiálnej politiky proti chudobe. 
610 2 0 |a menšiny národnostné 
610 2 0 |a diskriminácia 
610 2 0 |a chudoba 
610 2 0 |a samospráva 
100 1 |a Klimovský, Daniel 
700 1 |a Želinský, Tomáš 
700 1 |a Matlovičová, Kvetoslava, 1971- 
700 1 |a Mušinka, Alexander